WrestleMania 42 Saturday Match Card - Statistics

General Stats
  • This quiz has been taken 61 times
  • The average score is 20 of 25
Answer Stats
Match type Competitor % Correct
Jacob Fatu
96%
IShowSpeed
94%
Jey Uso
94%
6-Man Tag Team Jimmy Uso
94%
Logan Paul
94%
Austin Theory
92%
WWE Championship Cody Rhodes
92%
Unsanctioned Match Drew McIntyre
92%
LA Knight
92%
Randy Orton
90%
Women’s World Championship Liv Morgan
88%
AJ Lee
86%
Women’s Intercontinental Championship Becky Lynch
86%
Brie Bella
84%
Alexa Bliss
82%
Charlotte Flair
82%
Nikki Bella
82%
Lash Legend
80%
Fatal 4 Way Tag Team (Women’s) Nia Jax
80%
Bayley
78%
Stephanie Vaquer
78%
Lyra Valkyria
71%
Normal Match Seth Rollins
61%
Gunther
59%
Oba Femi
2%
No matching quizzes found
Score Distribution
Percent of People with Each Score
Percentile by Number Answered
Your Score History
You have not taken this quiz